| 000 | 00303nam a2200109Ia 4500 | ||
|---|---|---|---|
| 008 | 230907s9999||||xx |||||||||||||| ||und|| | ||
| 082 |
_a333.7932 _bGAB |
||
| 100 |
_aGabriel, Mark _9118052 |
||
| 245 |
_aVisions for a sustainable energy future / _cMark Gabriel. |
||
| 260 | _c2019-09-27 | ||
| 942 |
_2ddc _cEB |
||
| 999 |
_c599675 _d599675 |
||